| 000 | 01333nam a2200337 c 4500 | ||
|---|---|---|---|
| 001 | 52354 | ||
| 003 | ES-MaCES | ||
| 005 | 20250203133933.0 | ||
| 007 | cr ||||||||||| | ||
| 008 | 220628s2021 sp d rt o000 | spa d | ||
| 020 | _a9788436960495 | ||
| 024 | 7 |
_a847-21-294-7 _2nipo (línea) |
|
| 040 |
_aES-MaCES _bspa _cES-MaCES |
||
| 245 | 0 | 0 |
_aInforme 2021 sobre el estado del sistema educativo _hRecurso electrónico _pCurso 2019-2020 _cConsejo Escolar del Estado |
| 260 |
_a[Madrid] _bSubdirección General de Atención al Ciudadano, Documentación y Pubicaciones, Ministerio de Edcuación y Formación Profesional _c2021 |
||
| 300 | _a1 documento pdf (23,7 mb) | ||
| 541 | _cGratuito | ||
| 650 | 4 |
_asistema educativo _927375 |
|
| 650 | 4 |
_aEspaña _926964 |
|
| 650 | 4 |
_aComunidades Autónomas _930768 |
|
| 650 | 4 |
_a2019-2020 _939656 |
|
| 650 | 4 |
_ainforme _928986 |
|
| 650 | 4 |
_acuadros estadísticos _928890 |
|
| 653 | 1 | 0 | _aEducación |
| 710 | 1 |
_aConsejo Escolar del Estado (España) _92450 |
|
| 710 | 1 |
_aEspaña _bMinisterio de Educación y Formación Profesional _eed. _939593 |
|
| 787 | 0 |
_tInforme 2012 sobre el estado del sistema educativo Curso 2010-2011 _w(ES-MaCES)24848 |
|
| 856 | 4 |
_uhttp://biblioteca.ces.es/repintra/B52354.pdf _ytexto completo _z[intranet] |
|
| 902 | _aLIB Libro | ||
| 942 |
_2CES _cBK _h4.0. |
||
| 999 |
_c52354 _d52354 |
||